Countries With the Letter C - Statistics

General Stats
  • This quiz has been taken 133 times
  • The average score is 33 of 40
Answer Stats
Countries % Correct
China
97%
Chile
96%
Colombia
95%
Canada
94%
Costa Rica
90%
Cyprus
90%
Czech Republic
90%
Cambodia
89%
Cuba
89%
Comoros
87%
Croatia
87%
Democratic Republicof the Congo
87%
Morocco
87%
Cameroon
86%
Iceland
86%
Dominican Republic
85%
Liechtenstein
85%
Republic ofthe Congo
85%
France
84%
Monaco
84%
Vatican City
84%
Chad
83%
Greece
83%
Saint Vincent andthe Grenadines
83%
Dominica
82%
Jamaica
82%
North Macedonia
82%
Ecuador
81%
Cape Verde
80%
Central AfricanRepublic
80%
Nicaragua
78%
Saint Lucia
78%
Seychelles
77%
Mexico
76%
Ivory Coast
75%
United Statesof America
74%
Federated Statesof Micronesia
73%
Madagascar
71%
South Africa
70%
Sao Tome andPrincipe
60%
No matching quizzes found
Score Distribution
Percent of People with Each Score
Percentile by Number Answered
Your Score History
You have not taken this quiz